| 000 | 00582nam a22001577a 4500 | ||
|---|---|---|---|
| 999 |
_c534678 _d534678 |
||
| 020 | _qHard Cover. | ||
| 082 | _a629.04 | ||
| 100 | _aWaraich, Asad Shahbaz. | ||
| 245 |
_aMechanistic characterization of hot mix asphalt for pavements in Pakistan using simple performance test protocols / _cAsad Shahbaz Waraich |
||
| 260 |
_aIslamabad : _bNIT - NUST, _c2012. |
||
| 300 |
_axii, 112 p. ill. ; _c30cm. |
||
| 942 |
_2ddc _cTHE |
||
| 650 |
_aTransportation Engineering - MS Thesis. _916276 |
||
| 700 |
_aDr. Muhammad Irfan. _917128 |
||